00258nam a2200109Ia 4500008004100000041001200041100001600053245005100069250001300120260000900133650000600142221030s9999 xx 000 0 und d aEnglish aM. R. Anand 0aUntouchable : A Critical Studycby M. R. Anand aJAN 2016 c2016 aB